[Event "Challenge"]
[Site "http://www.queenalice.com/game.php?id=1865080"]
[Date "2025.11.3"]
[Round "-"]
[White "Capixaba789"]
[Black "TammieM3ENF"]
[Result "1/2-1/2"]
[WhiteElo "1915"]
[BlackElo "1509"]

1. d4 e6 2. e4 f5 3. e5 f4 4. Bxf4 g5 5. Be3 h5 6. c4 g4 7. Bd3 h4 8. Nc3 g3 9.
Nf3 h3 10. Qe2 hxg2 11. Rg1 gxh2 12. Nxh2 Rxh2 13. O-O-O b5 14. Be4 c6 15. Bxg2
Bh6 16. Kb1 d6 17. exd6 a5 18. c5 b4 19. Na4 e5 20. b3 exd4 21. Rxd4 Ra7 22. Qd1
Rb7 23. Bxh6 Nxh6 24. Re1+ Re7 25. Rxe7+ Kf8 26. Be4 Ng4 27. f3 Nf2 28. Qc1 Nxe4
29. fxe4 Rf2 30. e5 Rf7 31. Rxf7+ Kxf7 32. Nb2 a4 33. bxa4 Ke6 34. Nd3 1/2-1/2

[Event "Challenge"]
[Site "http://www.queenalice.com/game.php?id=1865081"]
[Date "2025.11.3"]
[Round "-"]
[White "TammieM3ENF"]
[Black "Capixaba789"]
[Result "1/2-1/2"]
[WhiteElo "1523"]
[BlackElo "1922"]

1. d4 d5 2. c3 f5 3. b3 Nf6 4. c4 e6 5. a4 a5 6. b4 Bxb4+ 7. Bd2 O-O 8. c5 Nc6
9. h4 Ne4 10. f3 Ng3 11. Rh3 Nxf1 12. Kxf1 f4 13. e4 Bd7 14. h5 h6 15. exd5 exd5
16. g3 fxg3 17. f4 Nxd4 18. Ra2 Nf5 19. Nf3 Bxc5 20. Ne5 Bf2 21. Ke2 c5 22. Rc2
b6 23. Kf3 d4 24. Nxd7 Qxd7 25. Rxg3 Be3 26. Bxe3 Nxe3 27. Qd2 Rae8 28. Kf2
Rxf4+ 29. Rf3 Rh4 30. Rxe3 Rxe3 31. Kf1 Rxh5 32. Qc1 Rhe5 33. Nd2 Qe8 34. Nc4
Rf5+ 35. Rf2 Rg5 1/2-1/2